000 00518nam a22001697a 4500
005 20251108175433.0
008 250721s2015 xx 000 0 ara d
082 1 4 _a956.031/غش
100 1 _aالعش، أحمد سعد
245 1 0 _aحروب الردة : دراسة تحليلية /
264 1 _aبيروت :
_bدار الكتب العلمية،
_c2015.
300 _a160ص
650 1 7 _aالتاريخ الأسلامي
650 1 7 _aخلافة أبي بكر (634-632)
942 _2ddc
_cBK
999 _c134106
_d134106